00649nam a2200193 450000100060000000300080000600500170001400800410003103500190007204000320009104100080012308200250013124501030015626000470025930000330030650400400033965000210037970000550040072083BD-RjUL20211209082217.0170513s1956 nyua b 001 0 eng d a(BD-RjUL)72299 aDLCcWSUdEQOdBD-RjULbeng aeng a541.36223bEXP 195600aExperimental thermochemistry :bmeasurement of heats of reaction /cedited by Frederick D. Rossini aNew York :bInterscience Publishers,c1956 axv, 326 p. :bill. ;c24 cm. aIncludes bibliographies and Indexes 0aThermochemistry.1 aRossini, Frederick D.q(Frederick Dominic),d1899-